Marques de Fournitures Scolaires - Mort Subite - Statistiques

Statistiques générales
  • Ce quiz a été pris 443 fois
  • Le résultat moyen est 8 sur 23
Answers on the Grid
Answers color-coded by a green-red scale on the quiz's grid according to % correct below.
3M
Bic
Maped
Oxford
Clairefontaine
Uhu
Rip Curl
Quiksilver
Eastpak
Pilot
Stabilo
Paper Mate
Rhodia
Exacompta
Casio
Quo Vadis
Roxy
Texas Instrument
Nathan
Canson
Bristol
Waterman
Conquérant
Cambridge
Scolinfo
Bloc Note
Séyès
Wilmart
Midas
Cartable&Co
Mattel
Hasbro
Kid'Class
Anapen
La Feutrine
Kompass
 
Statistiques - réponses
Réponse % Correct
Bic
62%
Oxford
50%
Stabilo
49%
Casio
46%
Eastpak
46%
Clairefontaine
44%
Bristol
42%
Canson
40%
Maped
40%
Pilot
40%
Paper Mate
34%
Texas Instrument
34%
Nathan
33%
Exacompta
31%
Uhu
30%
Quiksilver
23%
3M
22%
Roxy
18%
Conquérant
17%
Rip Curl
17%
Rhodia
14%
Waterman
12%
Quo Vadis
11%
Aucun quiz correspondant
Distribution des résultats
% des personnes avec chaque résultat
Percentile par nombre de réponses
Votre historique - résultats
Vous n’avez pas pris ce quiz